Chess Pieces - Statistics

General Stats
  • This quiz has been taken 52 times
  • The average score is 5 of 6
Answer Stats
Picture Answer % Correct
Pawn
100%
King
93%
Queen
91%
Knight
89%
Rook
89%
Bishop
77%
No matching quizzes found
Score Distribution
Percent of People with Each Score
Percentile by Number Answered
Your Score History
You have not taken this quiz